000
00223nam a22000857a 4500
008
170119b xxu||||| |||| 00| 0 eng d
100
_a
Jaisingh.S.etal.
_9
549
245
_a
Environmental Education-3
260
_a
New Delhi
_b
APC
_c
2010
999
_c
5575
_d
5575